Stargate/Gwiezdne Wrota - Statki i Okręty - Statystyki

Ogólne statystyki
  • Ten quiz został rozwiązany 3 razy
  • Średni wynik to 11 z 18
Statystyki odpowiedzi
Obrazkowy Odpowiedź % Poprawnych
BC-304 / Okręt klasy Dedal
100%
Destiny
100%
Ha'tak
100%
Skoczek
100%
X-303 Prometheus
100%
Agardzki statek matka klasy O'Neill
50%
Al'kesh
50%
Death Glider
50%
F-301 Interceptor
50%
F-302
50%
Krążownik Widm
50%
Lanteański Okręt klasy Aurora
50%
Lanteański Okręt - Miasto
50%
Okręt Wojenny Ori
50%
Statek Rój Widm
50%
Żądło - Myśliwiec Widm
50%
Agardzki statek matka klasy Bilskirnir
0%
Tel'tak
0%
Nie znaleziono quizów pasujących do podanych kryteriów
Rozkład punktacji
Procent ludzi z każdym wynikiem
Percentyl według liczby udzielonych odpowiedzi
Twoja historia wyników
Nie rozwiązałeś tego quizu